Municípios cortados pela Rodovia Anhanguera - Statistics

Estatísticas Gerais
  • Esse quiz foi jogado 90 vezes
  • A pontuação média é 21 de 31
Estatísticas das Respostas
Município % Correto
São Paulo
97%
Campinas
96%
Jundiaí
91%
Ribeirão Preto
90%
Americana
88%
Valinhos
85%
Araras
84%
Vinhedo
84%
Leme
81%
Limeira
81%
Cajamar
79%
Pirassununga
79%
Osasco
78%
Sumaré
75%
Louveira
74%
Nova Odessa
71%
Porto Ferreira
63%
Cordeirópolis
60%
Santa Rita do Passa Quatro
60%
Cravinhos
57%
Igarapava
56%
Orlândia
54%
Ituverava
53%
São Simão
51%
Jardinópolis
49%
Santa Cruz da Conceição
49%
São Joaquim da Barra
49%
Guará
46%
Sales Oliveira
38%
Aramina
37%
Buritizal
29%
Nenhum quiz correspondente encontrado
Distribuição das Pontuações
Porcentagem de Pessoas com Cada Pontuação
Percentil de Números Respondidos
Sua Pontuação Histórica
Você não jogou esse quiz